000 00561nam a2200181Ia 4500
008 100920s9999 xx 000 0 und d
082 _b16412
_a891.461 थ 64
100 _aरामसुत / संपादक-कुलकर्णी वि.म.
245 _aसाधुविलास.
260 _bगोळे व.ह.,पुणे.
_c1964
300 _a199
_bसाधी
365 _b4
520 _aपदय.
630 _aसाधुविलास.
650 _aपदय.
730 _aसाधुविलास.
942 _cBOOK
999 _c679284
_d679281